Ya fattah : Cinta sakti
| Format: | Book |
|---|---|
| Published: |
Selangor :
Buku Prima Sdn. Bhd ,
2009
|
| Subjects: |
MARC
| LEADER | 00000cam a2200000 7i4500 | ||
|---|---|---|---|
| 001 | 0000004106 | ||
| 005 | 20160426.0 | ||
| 020 | 0 | 0 | |a 9789675234934 |
| 090 | 0 | 0 | |a 899.2333 |b FAD |
| 245 | 1 | 0 | |a Ya fattah : |b Cinta sakti |c Noorfadzillah |
| 260 | 0 | 0 | |a Selangor : |b Buku Prima Sdn. Bhd , |c 2009 |
| 300 | |a 460 pages ; |c 18cm. | ||
| 650 | 0 | 0 | |a Malay fiction |
| 998 | |a JPSM | ||
| 999 | |a 007972 |b Monograph |c Open Shelf |e Default branch | ||